Identidad de las organizaciones : invariancia y cambio /

Guardado en:
Autor Principal: Etkin, Jorge R.
Otros Autores: Schvarstein, Leonardo.
Formato: Libro
Idioma:Spanish
Publicado: Buenos Aires : Paidós, 1997.
Series:Grupos e instituciones ; 24.
Materias:
Etiquetas: Agregar Etiqueta
Sin Etiquetas, Sea el primero en etiquetar este registro!
LEADER 00885nam a22002415a 4500
001 EAD.ead001339
008 080326s1997####ag#######b####001#0#spa#d
005 20190521134335.0
245 1 0 |a Identidad de las organizaciones :  |b invariancia y cambio /  |c Jorge Etkin, Leonardo Schvarstein. 
260 |a Buenos Aires :  |b Paidós,  |c 1997. 
300 |a 316 p. ;  |c 22 cm. 
490 1 |a Grupos e instituciones ;  |v 24 
504 |a Incluye referencias bibliográficas e índice. 
020 |a 9501246248 
100 1 |a Etkin, Jorge R.  |q (Jorge Ricardo) 
700 1 |a Schvarstein, Leonardo. 
830 0 |a Grupos e instituciones ;  |v 24. 
082 0 4 |a 658.406  |2 21 
650 7 |a Cambio organizacional.  |2 unbist 
650 7 |a Cultura empresarial.  |2 isoc 
650 7 |a Estructura de la empresa.  |2 isoc 
650 7 |a Identidad corporativa.  |2 isoc 
859 |a AR-BaBDC  |b BIB. ADMINISTRACION - Libros  |h 658.406  |i Et46-1  |p b03781